All Montana Cities on a Map - Statistics

General Stats
  • This quiz has been taken 16 times
  • The average score is 56 of 467
Answers on the Map
Answers color-coded by a green-red scale on the quiz's map according to % correct below.
 
Answer Stats
City Population % Correct
Helena 34,729
100%
Billings 121,483
93%
Bozeman 57,894
93%
Missoula 78,204
93%
Great Falls 60,013
87%
Butte 36,134
73%
Anaconda 9,811
67%
Kalispell 31,296
67%
Whitefish 9,256
60%
Miles City 8,407
53%
Belgrade 12,741
47%
Dillon 4,242
47%
Glasgow 3,169
47%
Havre 9,204
47%
Livingston 9,021
47%
Columbia Falls 5,713
40%
East Helena 2,239
40%
Glen 60
40%
Glendive 4,760
40%
Libby 3,235
40%
Polson 5,631
40%
Red Lodge 2,686
40%
West Yellowstone 1,202
40%
Cut Bank 2,988
33%
Deer Lodge 3,006
33%
Hamilton 5,383
33%
Lewistown 6,204
33%
Sidney 6,031
33%
Three Forks 1,945
33%
Big Sky 2,388
27%
Browning 990
27%
Conrad 2,395
27%
Eureka 1,561
27%
Fairview 854
27%
Gardiner 791
27%
Laurel 7,251
27%
Lincoln 868
27%
Malta 1,853
27%
Shelby 3,273
27%
Sheridan 765
27%
Wolf Point 2,522
27%
Alberton 545
20%
Bigfork 5,249
20%
Big Sandy 604
20%
Big Timber 1,681
20%
Bridger 835
20%
Chinook 1,162
20%
Choteau 1,804
20%
Colstrip 2,063
20%
Columbus 1,966
20%
Cooke City 94
20%
Corvallis 1,356
20%
Darby 873
20%
Ennis 1,081
20%
Evergreen 8,908
20%
Forsyth 1,643
20%
Fort Peck 234
20%
Frenchtown 1,629
20%
Hardin 3,719
20%
Harlem 757
20%
Harlowton 944
20%
Inverness 31
20%
Ismay 21
20%
Jordan 357
20%
Lakeside 2,730
20%
Marion 1,149
20%
Montana City 2,899
20%
Park City 934
20%
Pony 101
20%
Poplar 722
20%
Ronan 2,182
20%
Rosebud 53
20%
Roundup 2,017
20%
Rudyard 363
20%
Somers 1,181
20%
Stevensville 2,236
20%
St. Regis 344
20%
Superior 940
20%
Terry 574
20%
Thompson Falls 1,526
20%
Troy 911
20%
Twin Bridges 405
20%
Victor 948
20%
Virginia City 252
20%
West Glacier 209
20%
Wibaux 451
20%
Alzada 17
13%
Amsterdam 145
13%
Arlee 651
13%
Augusta 222
13%
Baker 1,767
13%
Belfry 240
13%
Belt 515
13%
Big Arm 142
13%
Boulder 1,305
13%
Broadus 466
13%
Broadview 137
13%
Carlton 497
13%
Cascade 579
13%
Centerville 11
13%
Charlo 344
13%
Chester 835
13%
Churchill 1,120
13%
Circle 586
13%
Clancy 1,729
13%
Clyde Park 348
13%
Condon 271
13%
Coram 415
13%
Crow Agency 2,110
13%
Custer 155
13%
De Borgia 36
13%
Drummond 294
13%
Dutton 314
13%
Ekalaka 405
13%
Elliston 208
13%
Elmo 183
13%
Fairfield 794
13%
Florence 993
13%
Fort Benton 1,422
13%
Fromberg 423
13%
Garrison 138
13%
Greycliff 94
13%
Hardy 65
13%
Harrison 96
13%
Heart Butte 504
13%
Hot Springs 623
13%
Hungry Horse 663
13%
Hysham 266
13%
Joliet 620
13%
Judith Gap 108
13%
Kila 406
13%
Kremlin 33
13%
Lavina 143
13%
Lima 220
13%
Lockwood 7,474
13%
Lodge Grass 427
13%
Lolo 4,378
13%
Manhattan 2,068
13%
Martin City 313
13%
Medicine Lake 240
13%
Moore 201
13%
Nashua 294
13%
Noxon 193
13%
Opheim 73
13%
Outlook 80
13%
Ovando 47
13%
Pablo 1,808
13%
Paradise 66
13%
Philipsburg 913
13%
Plains 1,244
13%
Plentywood 1,626
13%
Plevna 170
13%
Power 194
13%
Racetrack 6
13%
Ravalli 174
13%
Reed Point 113
13%
Richey 161
13%
Roberts 299
13%
Rollins 110
13%
Roy 133
13%
Scobey 979
13%
Seeley Lake 1,335
13%
Silver Gate 94
13%
Simms 326
13%
Stanford 418
13%
St. Ignatius 830
13%
St. Marie 319
13%
St. Mary 209
13%
Sunburst 352
13%
Sweet Grass 64
13%
Townsend 2,209
13%
Turner 46
13%
Twodot 15
13%
Valier 538
13%
Westby 162
13%
Whitehall 1,116
13%
White Sulphur Springs 1,021
13%
Winnett 197
13%
Wisdom 117
13%
Wye 1,222
13%
Yaak 310
13%
Absarokee 998
7%
Acton 56
7%
Alder 108
7%
Argenta 98
7%
Ashland 956
7%
Avon 145
7%
Ayers Ranch Colony 14
7%
Azure 454
7%
Bainville 261
7%
Basin 360
7%
Batavia 740
7%
Bearcreek 101
7%
Bear Dance 262
7%
Beaver Creek 365
7%
Big Stone Colony 44
7%
Birch Creek Colony 111
7%
Black Eagle 654
7%
Blackfoot 95
7%
Boneau 284
7%
Box Elder 39
7%
Brady 86
7%
Brandon 67
7%
Brockton 497
7%
Brockway 2
7%
Bull Lake 185
7%
Camas 40
7%
Camp Three 70
7%
Camrose Colony 92
7%
Cardwell 43
7%
Carter 118
7%
Cascade Colony 49
7%
Charlos Heights 213
7%
Clinton 884
7%
Conner 102
7%
Corwin Springs 177
7%
Craig 47
7%
Crane 185
7%
Culbertson 706
7%
Cyr 99
7%
Dayton 103
7%
Deerfield Colony 20
7%
Denton 212
7%
Dewey 27
7%
Dodson 126
7%
Dupuyer 131
7%
Eagle Creek Colony 54
7%
East Glacier Park Village 199
7%
East Missoula 2,072
7%
Edgar 79
7%
Elkhorn 49
7%
Evaro 479
7%
Fallon 305
7%
Finley Point 436
7%
Flaxville 59
7%
Fords Creek Colony 31
7%
Forest Hill Village 234
7%
Fort Belknap Agency 1,434
7%
Fortine 378
7%
Fort Shaw 190
7%
Fort Smith 105
7%
Four Corners 5,562
7%
Fox 64
7%
Fox Lake 173
7%
Frazer 346
7%
Froid 185
7%
Gallatin Gateway 1,092
7%
Gallatin River Ranch 191
7%
Geraldine 206
7%
Geyser 66
7%
Gibson Flats 203
7%
Gildford 132
7%
Gildford Colony 41
7%
Gilman 17
7%
Glacier Colony 390
7%
Glendale Colony 54
7%
Goldcreek 1
7%
Golden Valley Colony 22
7%
Grant 39
7%
Grass Range 115
7%
Happys Inn 146
7%
Havre North 880
7%
Hays 967
7%
Hebgen Lake Estates 53
7%
Helena Flats 1,014
7%
Helena Valley Northeast 4,398
7%
Helena Valley Northwest 5,070
7%
Helena Valley Southeast 9,533
7%
Helena Valley West Central 8,224
7%
Helena West Side 1,584
7%
Helmville 58
7%
Heron 312
7%
Herron 36
7%
Highwood 209
7%
Hilldale Colony 22
7%
Hillside Colony 267
7%
Hingham 128
7%
Hinsdale 250
7%
Hobson 185
7%
Huntley 534
7%
Huson 59
7%
Jeffers 52
7%
Jefferson City 446
7%
Jette 221
7%
Joplin 269
7%
Kerr 432
7%
Kevin 162
7%
Kicking Horse 69
7%
King Arthur Park 2,343
7%
King Ranch Colony 23
7%
Kingsbury Colony 9
7%
Kings Point 373
7%
Klein 292
7%
Lake Mary Ronan 63
7%
Lame Deer 1,939
7%
Landusky 29
7%
Lewistown Heights 484
7%
Lindisfarne 434
7%
Little Bitterroot Lake 153
7%
Little Browning 61
7%
Lodge Pole 257
7%
Loma 90
7%
Lonepine 130
7%
Loring Colony 27
7%
Malmstrom AFB 4,191
7%
Mammoth 17
7%
Martinsdale 34
7%
Maverick Mountain 55
7%
Maxville 150
7%
McAllister 226
7%
Melstone 147
7%
Midway Colony 30
7%
Montaqua 108
7%
Mountain View Colony 49
7%
Muddy 641
7%
Musselshell 34
7%
Neihart 42
7%
New Miami Colony 309
7%
New Rockport Colony 133
7%
Niarada 42
7%
Norris 19
7%
North Browning 2,894
7%
North Harlem Colony 47
7%
Nye 56
7%
Old Agency 114
7%
Orchard Homes 5,280
7%
Parker School 357
7%
Piltzville 605
7%
Pine Creek 182
7%
Pinesdale 876
7%
Pinnacle 43
7%
Pioneer Junction 734
7%
Pleasant Valley Colony 71
7%
Pompeys Pillar 25
7%
Pondera Colony 47
7%
Ponderosa Pines 969
7%
Potomac 7
7%
Pray 1,018
7%
Pryor 639
7%
Rader Creek 373
7%
Radersburg 55
7%
Rapelje 96
7%
Reserve 23
7%
Rexford 87
7%
Rhodes 63
7%
Riceville 26
7%
Rimrock Colony 157
7%
Riverbend 505
7%
Riverview Colony 212
7%
Rockport Colony 44
7%
Rocky Boy's Agency 124
7%
Rocky Boy West 905
7%
Rocky Point 127
7%
Roscoe 24
7%
Ryegate 233
7%
Saco 161
7%
Saddle Butte 139
7%
Sage Creek Colony 28
7%
Saltese 17
7%
Sand Coulee 146
7%
Sangrey 400
7%
Santa Rita 33
7%
Sapphire Ridge 17
7%
Savage 244
7%
Sedan 124
7%
Shawmut 37
7%
Shepherd 613
7%
Silesia 10
7%
Silver Star 72
7%
Sleeping Buffalo 10
7%
Snowslip 26
7%
South Browning 1,852
7%
South Glastonbury 263
7%
South Hills 634
7%
Spokane Creek 783
7%
Spring Creek Colony 17
7%
Springdale 20
7%
Springhill 118
7%
Springwater Colony 35
7%
Starr School 227
7%
Stockett 148
7%
St. Pierre 467
7%
St. Xavier 77
7%
Sula 32
7%
Sun Prairie 1,514
7%
Sun River 62
7%
Swan Lake 226
7%
Sylvanite 157
7%
The Silos 474
7%
Toston 324
7%
Tracy 130
7%
Trego 856
7%
Trout Creek 340
7%
Turah 507
7%
Turner Colony 112
7%
Turtle Lake 61
7%
Twin Creeks 435
7%
Twin Hills Colony 22
7%
Ulm 868
7%
Vaughn 970
7%
Vida 60
7%
Warm Spring Creek 18
7%
Weeksville 100
7%
West Glendive 1,968
7%
West Havre 155
7%
West Kootenai 397
7%
Wheatland 1,185
7%
White Haven 660
7%
Whitewater 100
7%
Willow Creek 162
7%
Wilsall 221
7%
Windham 57
7%
Wineglass 181
7%
Winifred 176
7%
Winston 93
7%
Wolf Creek 18
7%
Woods Bay 696
7%
Worden 545
7%
Wyola 264
7%
York 215
7%
Zortman 63
7%
Babb 279
0%
Ballantine 293
0%
Biddle 33
0%
Birney 81
0%
Bloomfield 7
0%
Bonner-West Riverside 1,445
0%
Boyd 26
0%
Busby 483
0%
Bynum 12
0%
Canyon Creek 28
0%
Coffee Creek 47
0%
Danvers 6
0%
Dell 33
0%
Dixon 270
0%
Emigrant 387
0%
Essex 57
0%
Fishtail 79
0%
Floweree 17
0%
Hall 50
0%
Haugan 24
0%
Hogeland 29
0%
Homestead 13
0%
Jackson 23
0%
Jardine 63
0%
Lakeview 36
0%
Lindsay 5
0%
Logan 135
0%
Luther 31
0%
Marysville 97
0%
Moccasin 23
0%
Monarch 23
0%
Nibbe 176
0%
Olney 124
0%
Pendroy 13
0%
Polebridge 49
0%
Raynesford 41
0%
Redstone 23
0%
Rimini 93
0%
Rockvale 413
0%
Square Butte 24
0%
Unionville 386
0%
Utica 18
0%
Whitetail 8
0%
Whitlash 9
0%
Wise River 24
0%
Zurich 45
0%
No matching quizzes found
Score Distribution
Percent of People with Each Score
Percentile by Number Answered
Your Score History
You have not taken this quiz